Statistics for Overwatch Game Modes

Click here to take the quiz!

General Stats

  • This quiz has been taken 114 times
  • The average score is 5 of 23

Answer Stats

Mode% Correct
Deathmatch
58%
Capture the Flag
56%
Assault
49%
Escort
48%
Competitive
44%
Control
43%
Hybrid
41%
Lucioball
40%
Total Mayhem
35%
Team Deathmatch
28%
Junkenstein's Revenge
20%
Low Gravity
16%
3V3 elimination
14%
Uprising
14%
1V1 Mystery
8%
1V1 Limited
7%
6V6 Mystery
3%
Copa Lucioball
3%
3V3 lockout
2%
6V6 Lockout
1%
Winter Mystery
1%
Junkenstein's Revenge Endless Mode
0%
Uprising All
0%

Score Distribution

Percentile by Number Answered

Percent of People with Each Score

Your Score History

You have not taken this quiz